000 00254nam a22000977a 4500
999 _c16247
_d16247
003 OSt
008 200626b ||||| |||| 00| 0 eng d
100 _a C.H.KUNHAPPA
_94645
245 _aഇന്ത്യയെ കണ്ടെത്തല്‍
942 _cBK